Melanie Martinez - 50 Most Played Songs Live - Statistics

General Stats
  • This quiz has been taken 36 times
  • The average score is 37 of 50
Answer Stats
Hint Answer % Correct
77 Play date
97%
218 Cry baby
93%
218 Dollhouse
93%
125 VOID
93%
106 Lunchbox friends
90%
202 Sippy cup
90%
42 Teddy bear
90%
105 Wheels on the bus
90%
204 Carousel
87%
102 Class fight
87%
53 Orange juice
87%
186 Soap
87%
115 Tag, you're it
87%
57 The principal
87%
92 Cake
83%
121 DEATH
83%
126 Pacify her
83%
250 Mad Hatter
80%
109 Milk & Cookies
80%
185 Pity party
80%
48 Recess
80%
106 Strawberry shortcake
80%
123 EVIL
77%
117 High school sweethearts
77%
118 Show & tell
77%
229 Alphabet boy
73%
52 Detention
73%
48 Fire drill
73%
106 Teacher's pet
73%
111 THE CONTORTIONIST
73%
112 LIGHT SHOWER
70%
128 Mrs. Potato head
70%
111 Training wheels
70%
116 TUNNEL VISION
70%
116 WOMB
70%
52 Drama club
67%
20 Bittersweet tragedy
63%
22 Dead to me
63%
52 LEECHES
63%
58 MILK OF THE SIREN
63%
62 MOON CYCLE
63%
112 SPIDER WEB
63%
121 FAERIE SOIREE
60%
112 Nurse's office
60%
120 NYMPHOLOGY
60%
51 PLUTO
60%
52 POWDER
60%
121 BATTLE OF THE LARYNX
57%
11 Gingerbread man
53%
12 Dear Porcupines
7%
No matching quizzes found
Score Distribution
Percent of People with Each Score
Percentile by Number Answered
Your Score History
You have not taken this quiz